书目信息 |
| 题名: |
康德《道德形而上学奠基》句读
|
|
| 作者: | 邓晓芒 著 | |
| 分册: | 上 | |
| 出版信息: | 北京 人民出版社 2018 |
|
| 页数: | 472页 | |
| 开本: | 23cm | |
| 丛书名: | ||
| 单 册: | ||
| 中图分类: | B516.31 , B82-095.16 | |
| 科图分类: | ||
| 主题词: | ||
| 电子资源: | ||
| ISBN: | 978-7-01-018808-9 | |
| 000 | 00966nam0 2200265 45 | |
| 001 | 012001009045 | |
| 005 | 20191029102039.59 | |
| 010 | @a978-7-01-018808-9@b精装@dCNY90.00 | |
| 100 | @a20181018d2018 em y0chiy50 ea | |
| 101 | 0 | @achi |
| 102 | @aCN@b110000 | |
| 105 | @ay z 001yy | |
| 106 | @ar | |
| 200 | 1 | @a康德《道德形而上学奠基》句读@9kang de《dao de xing er shang xue dian ji》ju dou@b专著@h上@f邓晓芒著@AKang De《 Dao De Xing Er Shang Xue Dian Ji》 Ju Du@PKDDDXESXDJJD@FDeng Xiao Mang Zhu |
| 205 | @a2版 | |
| 210 | @a北京@c人民出版社@d2018 | |
| 215 | @a472页@d23cm | |
| 300 | @a邓晓芒作品·句读系列 | |
| 330 | @a本书对康德的《道德形而上学奠基》进行了通读,对一些基础性、前提性的概念做了解释和阐述。 | |
| 600 | 0 | @a康德@c(Kant, Immanuel@f1724-1804)@x伦理学@x研究 |
| 690 | @aB516.31@v5 | |
| 690 | @aB82-095.16@v5 | |
| 701 | 0 | @a邓晓芒@9deng xiao mang@f(1948-)@4著 |
| 801 | 2 | @aCN@b上海新华@c20191020 |
| 905 | @b1186820-1@dB516.31@e225:1=2@f2 | |
| 康德《道德形而上学奠基》句读.上/邓晓芒著.-2版.-北京:人民出版社,2018 |
| 472页;23cm |
| 邓晓芒作品·句读系列 |
| ISBN 978-7-01-018808-9(精装):CNY90.00 |
| 本书对康德的《道德形而上学奠基》进行了通读,对一些基础性、前提性的概念做了解释和阐述。 |
| ● |
| 相关链接 |
|
|
|
|
正题名:康德《道德形而上学奠基》句读
索取号:B516.31/225:1=2
 
预约/预借
| 序号 | 登录号 | 条形码 | 馆藏地/架位号 | 状态 | 备注 |
| 1 | 1186820 | 211868200 | 第一样本阅览室/ [索取号:B516.31/225:1=2] | 在馆 | |
| 2 | 1186821 | 211868219 | 第一借阅区/ [索取号:B516.31/225:1=2] | 在馆 |